[Event "11th Arad Open 2018"]
[Site "Arad"]
[Date "2018.08.07"]
[Round "4"]
[White "Baciu, Anca-Otilia"]
[Black "Vajda, Levente"]
[Result "0-1"]
[WhiteElo "2096"]
[BlackElo "2558"]
[Annotator "ChessBase"]
[PlyCount "86"]
[EventDate "2018.08.05"]
[EventType "swiss"]
[EventCountry "ROU"]
[SourceTitle "playchess.com"]
[Source "ChessBase"]
[SourceQuality "1"]
[TimeControl "40/5400+30:1800+30"]

1. e4 {[%emt 0:00:00]} e5 {[%emt 0:00:00]} 2. Nf3 {[%emt 0:00:00]} Nc6 {[%emt 0:00:00]} 3. Bc4 {[%emt 0:00:00]} Bc5 {[%emt 0:00:00]} 4. c3 {[%emt 0:00:01]} Nf6 {[%emt 0:00:00]} 5. d3 {[%emt 0:00:12]} O-O {[%emt 0:00:29]} 6. O-O {[%emt 0:00:40]} d5 {[%emt 0:01:08]} 7. exd5 {[%emt 0:02:44]} Nxd5 {[%emt 0:00:06]} 8. b4 {[%emt 0:04:59]} Be7 {[%emt 0:01:29]} 9. b5 {[%emt 0:02:28]} Na5 {[%emt 0:00:07]} 10. Nxe5 {[%emt 0:07:49]} Bf6 {[%emt 0:04:23]} 11. Qh5 {[%emt 0:08:46]} Nxc4 {[%emt 0:12:12]} 12. dxc4 {[%emt 0:00:10]} Nb6 {[%emt 0:00:32]} 13. c5 {[%emt 0:15:21]} g6 {[%emt 0:04:18]} 14. Qe2 {[%emt 0:00:50]} Re8 {[%emt 0:00:55]} 15. f4 {[%emt 0:01:14]} Nd7 {[%emt 0:00:57]} 16. Qf2 {[%emt 0:03:53]} Qe7 {[%emt 0:09:15]} 17. Ng4 {[%emt 0:08:58]} Bg7 {[%emt 0:00:58]} 18. f5 {[%emt 0:01:55]} Qxc5 {[%emt 0:00:52]} 19. Be3 {[%emt 0:08:53]} Qxf5 {[%emt 0:01:36]} 20. Qg3 {[%emt 0:00:15]} Qd3 {[%emt 0:12:04]} 21. Qf2 {[%emt 0:05:31]} f5 {[%emt 0:01:46]} 22. Nh6+ {[%emt 0:00:49]} Bxh6 {[%emt 0:00:17]} 23. Bxh6 {[%emt 0:00:05]} Nf6 {[%emt 0:00:56]} 24. Qc5 {[%emt 0:09:12]} Bd7 {[%emt 0:14:20]} 25. Na3 {[%emt 0:04:27]} Qd5 {[%emt 0:03:16]} 26. Qxd5+ {[%emt 0:05:00]} Nxd5 {[%emt 0:00:13]} 27. Rfd1 {[%emt 0:01:04]} Be6 {[%emt 0:00:34]} 28. Rac1 {[%emt 0:00:34]} Rad8 {[%emt 0:02:42]} 29. Nc4 {[%emt 0:01:34]} Nf6 {[%emt 0:01:19]} 30. Na5 {[%emt 0:00:56]} Rxd1+ {[%emt 0:09:01]} 31. Rxd1 {[%emt 0:00:05]} b6 {[%emt 0:00:28]} 32. Nc6 {[%emt 0:00:19]} Bxa2 {[%emt 0:00:06]} 33. Nxa7 {[%emt 0:01:36]} Bb3 {[%emt 0:00:22]} 34. Rd4 {[%emt 0:02:16]} Re1+ {[%emt 0:00:32]} 35. Kf2 {[%emt 0:00:11]} Ra1 {[%emt 0:00:14]} 36. Rd8+ {[%emt 0:00:39]} Kf7 {[%emt 0:00:06]} 37. Rf8+ {[%emt 0:01:11]} Ke6 {[%emt 0:00:06]} 38. Nc6 {[%emt 0:02:10]} Ng4+ {[%emt 0:00:09]} 39. Kg3 {[%emt 0:00:24]} Nxh6 {[%emt 0:00:07]} 40. Nd4+ {[%emt 0:00:00]} Ke7 {[%emt 0:00:00]} 41. Nxb3 {[%emt 0:16:53]} Ra3 {[%emt 0:15:28]} 42. Rc8 {[%emt 0:00:45]} Rxb3 {[%emt 0:00:31]} 43. Rxc7+ {[%emt 0:00:06]} Kf6 {[%emt 0:00:26]} 0-1

[Event "11th Arad Open 2018"]
[Site "Arad"]
[Date "2018.08.07"]
[Round "4"]
[White "Miloi, Pavel-Dan"]
[Black "Dobre, Claudiu-Cristian"]
[Result "1/2-1/2"]
[WhiteElo "2047"]
[BlackElo "2356"]
[Annotator "NA"]
[PlyCount "156"]
[EventDate "2018.08.05"]
[EventType "swiss"]
[EventCountry "ROU"]
[SourceTitle "playchess.com"]
[Source "ChessBase"]
[SourceQuality "1"]
[TimeControl "40/5400+30:1800+30"]

1. d4 {[%emt 0:00:00]} Nf6 {[%emt 0:00:11]} 2. Nf3 {[%emt 0:00:00]} e6 {[%emt 0:00:40]} 3. c4 {[%emt 0:00:00]} d5 {[%emt 0:00:08]} 4. Nc3 {[%emt 0:00:32]} c6 {[%emt 0:00:05]} 5. e3 {[%emt 0:00:45]} Nbd7 {[%emt 0:00:08]} 6. Bd3 {[%emt 0:00:05]} dxc4 {[%emt 0:02:09]} 7. Bxc4 {[%emt 0:00:06]} b5 {[%emt 0:00:02]} 8. Be2 {[%emt 0:00:05]} a6 {[%emt 0:01:32]} 9. O-O {[%emt 0:03:09]} c5 {[%emt 0:08:29]} 10. dxc5 {[%emt 0:06:25]} Bxc5 {[%emt 0:01:06]} 11. a3 {[%emt 0:03:26]} Bb7 {[%emt 0:09:00]} 12. b4 {[%emt 0:00:49]} Be7 {[%emt 0:00:51]} 13. Bb2 {[%emt 0:01:00]} O-O {[%emt 0:02:24]} 14. Rc1 {[%emt 0:01:15]} Rc8 {[%emt 0:14:59]} 15. Qb3 {[%emt 0:01:14]} Bd6 {[%emt 0:04:09]} 16. Rfd1 {[%emt 0:17:35]} Qe7 {[%emt 0:01:54]} 17. Nd2 {[%emt 0:04:16]} e5 {[%emt 0:08:07]} 18. e4 {[%emt 0:01:52]} Nb6 {[%emt 0:06:48]} 19. f3 {[%emt 0:06:18]} Nh5 {[%emt 0:17:20]} 20. g3 {[%emt 0:00:22]} Qg5 {[%emt 0:00:22]} 21. Nf1 {[%emt 0:00:48]} Rfd8 {[%emt 0:04:06]} 22. Kh1 {[%emt 0:05:38]} Be7 {[%emt 0:05:48]} 23. Rxd8+ {[%emt 0:01:51]} Rxd8 {[%emt 0:01:28]} 24. Rd1 {[%emt 0:00:41]} g6 {[%emt 0:00:53]} 25. Bc1 {[%emt 0:02:07]} Qf6 {[%emt 0:00:25]} 26. Ne3 {[%emt 0:01:44]} Rxd1+ {[%emt 0:03:23]} 27. Bxd1 {[%emt 0:02:00]} Qd6 {[%emt 0:00:36]} 28. Be2 {[%emt 0:04:57]} Ng7 {[%emt 0:00:25]} 29. Ng4 {[%emt 0:06:16]} Ne6 {[%emt 0:00:44]} 30. Be3 {[%emt 0:01:02]} Nd7 {[%emt 0:04:02]} 31. Qd1 {[%emt 0:13:19]} Nd4 {[%emt 0:01:13]} 32. Kg2 {[%emt 0:07:24]} h5 {[%emt 0:00:53]} 33. Nf2 {[%emt 0:00:34]} Nb6 {[%emt 0:00:45]} 34. Nd3 {[%emt 0:02:32]} Nc4 {[%emt 0:00:18]} 35. Bc1 {[%emt 0:00:24]} Nxe2 {[%emt 0:00:54]} 36. Qxe2 {[%emt 0:00:19]} Qd4 {[%emt 0:00:34]} 37. Nd1 {[%emt 0:03:14]} Bd8 {[%emt 0:00:50]} 38. Nc5 {[%emt 0:02:35]} Bc8 {[%emt 0:00:21]} 39. Qd3 {[%emt 0:00:13]} Qxd3 {[%emt 0:00:23]} 40. Nxd3 {[%emt 0:00:00]} Bb6 {[%emt 0:00:00]} 41. h4 {[%emt 0:12:09]} Bd4 {[%emt 0:01:17]} 42. Kf1 {[%emt 0:01:08]} f6 {[%emt 0:01:11]} 43. Ke2 {[%emt 0:00:07]} Kf7 {[%emt 0:01:00]} 44. Ne3 {[%emt 0:07:39]} Bxe3 {[%emt 0:04:15]} 45. Bxe3 {[%emt 0:00:01]} Nxa3 {[%emt 0:00:08]} 46. Nc5 {[%emt 0:01:27]} Ke7 {[%emt 0:04:01]} 47. Kd3 {[%emt 0:00:55]} Nc4 {[%emt 0:00:39]} 48. Nb3 {[%emt 0:02:36]} Bh3 {[%emt 0:04:29]} 49. Bc5+ {[%emt 0:03:16]} Kd8 {[%emt 0:01:51]} 50. Nd2 {[%emt 0:00:24]} Nb2+ {[%emt 0:01:41]} 51. Kc2 {[%emt 0:01:14]} Na4 {[%emt 0:00:19]} 52. Be3 {[%emt 0:01:40]} Bg2 {[%emt 0:01:39]} 53. Kd3 {[%emt 0:00:20]} Kc7 {[%emt 0:02:33]} 54. Ke2 {[%emt 0:00:19]} Nc3+ {[%emt 0:00:36]} 55. Kd3 {[%emt 0:00:44]} Nd1 {[%emt 0:03:15]} 56. Ke2 {[%emt 0:02:36]} Nxe3 {[%emt 0:03:40]} 57. Kxe3 {[%emt 0:00:01]} a5 {[%emt 0:00:15]} 58. Kf2 {[%emt 0:02:18]} Bh3 {[%emt 0:00:43]} 59. g4 {[%emt 0:00:45]} f5 {[%emt 0:02:14]} 60. exf5 {[%emt 0:00:52]} gxf5 {[%emt 0:00:16]} 61. g5 {[%emt 0:00:55]} f4 {[%emt 0:00:21]} 62. bxa5 {[%emt 0:00:32]} Bf5 {[%emt 0:01:02]} 63. Ke2 {[%emt 0:01:04]} Kb7 {[%emt 0:03:48]} 64. Nb3 {[%emt 0:00:26]} Ka6 {[%emt 0:00:38]} 65. Kd2 {[%emt 0:00:40]} b4 {[%emt 0:00:04]} 66. Kc1 {[%emt 0:00:51]} Kb5 {[%emt 0:00:15]} 67. Kd2 {[%emt 0:00:57]} Bg6 {[%emt 0:01:10]} 68. Kc1 {[%emt 0:00:38]} Bf7 {[%emt 0:01:07]} 69. Kb2 {[%emt 0:00:24]} Bxb3 {[%emt 0:01:02]} 70. Kxb3 {[%emt 0:00:01]} e4 {[%emt 0:00:05]} 71. g6 {[%emt 0:00:32]} e3 {[%emt 0:00:14]} 72. g7 {[%emt 0:00:04]} e2 {[%emt 0:00:03]} 73. g8=Q {[%emt 0:00:05]} e1=Q {[%emt 0:00:04]} 74. Qd5+ {[%emt 0:00:24]} Ka6 {[%emt 0:00:07]} 75. Qa8+ {[%emt 0:00:41]} Kb5 {[%emt 0:00:03]} 76. Qd5+ {[%emt 0:00:04]} Ka6 {[%emt 0:00:03]} 77. Qa8+ {[%emt 0:00:05]} Kb5 {[%emt 0:00:03]} 78. Qc6+ Kxa5 1/2-1/2

[Event "11th Arad Open 2018"]
[Site "Arad"]
[Date "2018.08.07"]
[Round "4"]
[White "Kersten, Julian"]
[Black "Banzea, Alexandru-Bogdan"]
[Result "0-1"]
[WhiteElo "2034"]
[BlackElo "2313"]
[Annotator "NA"]
[PlyCount "36"]
[EventDate "2018.08.05"]
[EventType "swiss"]
[EventCountry "ROU"]
[SourceTitle "playchess.com"]
[Source "ChessBase"]
[SourceQuality "1"]
[TimeControl "40/5400+30:1800+30"]

1. d4 {[%emt 0:00:29]} Nf6 {[%emt 0:00:00]} 2. Bg5 {[%emt 0:00:16]} d5 {[%emt 0:01:45]} 3. e3 {[%emt 0:00:47]} c5 {[%emt 0:00:07]} 4. Nd2 {[%emt 0:00:29]} Nc6 {[%emt 0:01:25]} 5. c3 {[%emt 0:02:24]} cxd4 {[%emt 0:05:03]} 6. exd4 {[%emt 0:00:33]} Bf5 {[%emt 0:01:04]} 7. Ngf3 {[%emt 0:04:38]} e6 {[%emt 0:00:30]} 8. Nh4 {[%emt 0:04:20]} Bg6 {[%emt 0:01:14]} 9. Nxg6 {[%emt 0:00:43]} hxg6 {[%emt 0:00:13]} 10. Bd3 {[%emt 0:02:12]} Bd6 {[%emt 0:00:36]} 11. h3 {[%emt 0:01:49]} a6 {[%emt 0:01:57]} 12. Qe2 {[%emt 0:02:14]} Rh5 {[%emt 0:02:33]} 13. h4 {[%emt 0:04:07]} Qc7 {[%emt 0:01:24]} 14. g4 {[%emt 0:09:22]} Rh8 {[%emt 0:00:44]} 15. Qf3 {[%emt 0:11:25]} O-O-O {[%emt 0:03:30]} 16. Bxf6 {[%emt 0:02:41]} gxf6 {[%emt 0:02:30]} 17. Qxf6 {[%emt 0:01:17]} e5 {[%emt 0:00:53]} 18. dxe5 {[%emt 0:03:23]} Nxe5 {[%emt 0:00:31]} 0-1

[Event "11th Arad Open 2018"]
[Site "Arad"]
[Date "2018.08.07"]
[Round "4"]
[White "Stepanencu, Nicodim-Cosmin"]
[Black "Vrencian, Lehel"]
[Result "0-1"]
[WhiteElo "2022"]
[BlackElo "2293"]
[Annotator "NA"]
[PlyCount "72"]
[EventDate "2018.08.05"]
[EventType "swiss"]
[EventCountry "ROU"]
[SourceTitle "playchess.com"]
[Source "ChessBase"]
[SourceQuality "1"]
[TimeControl "40/5400+30:1800+30"]

1. e4 {[%emt 0:00:00]} c5 {[%emt 0:02:29]} 2. Nf3 {[%emt 0:00:00]} e6 {[%emt 0:00:18]} 3. b3 {[%emt 0:00:00]} a6 {[%emt 0:01:47]} 4. c4 {[%emt 0:00:13]} d6 {[%emt 0:00:11]} 5. d4 {[%emt 0:00:28]} cxd4 {[%emt 0:00:08]} 6. Nxd4 {[%emt 0:00:03]} Nf6 {[%emt 0:00:41]} 7. Nc3 {[%emt 0:00:19]} b6 {[%emt 0:04:38]} 8. Be2 {[%emt 0:02:47]} Bb7 {[%emt 0:00:13]} 9. f3 {[%emt 0:01:17]} Nbd7 {[%emt 0:00:22]} 10. Be3 {[%emt 0:01:02]} Be7 {[%emt 0:00:07]} 11. O-O {[%emt 0:00:40]} O-O {[%emt 0:00:06]} 12. Qd2 {[%emt 0:02:16]} Qc7 {[%emt 0:00:19]} 13. Rac1 {[%emt 0:00:40]} Rac8 {[%emt 0:00:08]} 14. Rfd1 {[%emt 0:03:41]} Rfe8 {[%emt 0:00:24]} 15. Qe1 {[%emt 0:06:24]} Qb8 {[%emt 0:00:13]} 16. Nc2 {[%emt 0:05:40]} Bd8 {[%emt 0:01:12]} 17. Na4 {[%emt 0:11:15]} Bc7 {[%emt 0:02:59]} 18. Qh4 {[%emt 0:18:01]} d5 {[%emt 0:05:25]} 19. exd5 {[%emt 0:12:10]} exd5 {[%emt 0:00:07]} 20. Bd3 {[%emt 0:00:41]} dxc4 {[%emt 0:17:37]} 21. bxc4 {[%emt 0:02:57]} Ne5 {[%emt 0:04:32]} 22. Bg5 {[%emt 0:09:31]} Ng6 {[%emt 0:07:29]} 23. Bxg6 {[%emt 0:00:20]} hxg6 {[%emt 0:00:07]} 24. Bxf6 {[%emt 0:10:44]} gxf6 {[%emt 0:00:07]} 25. Rb1 {[%emt 0:01:34]} Kg7 {[%emt 0:06:44]} 26. h3 {[%emt 0:04:19]} b5 {[%emt 0:15:45]} 27. Nc3 {[%emt 0:04:32]} Bh2+ {[%emt 0:02:49]} 28. Kh1 {[%emt 0:01:03]} Rxc4 {[%emt 0:00:24]} 29. Qf2 {[%emt 0:01:22]} Rxc3 {[%emt 0:00:32]} 30. Rd4 {[%emt 0:00:29]} Bg3 {[%emt 0:00:56]} 31. Qd2 {[%emt 0:00:09]} Rec8 {[%emt 0:01:00]} 32. Nb4 {[%emt 0:00:42]} Qc7 {[%emt 0:00:20]} 33. Nd3 {[%emt 0:00:38]} Rc2 {[%emt 0:00:26]} 34. Qd1 {[%emt 0:00:31]} Rxa2 {[%emt 0:00:58]} 35. Nb4 {[%emt 0:00:20]} Rf2 {[%emt 0:01:32]} 36. Rd7 {[%emt 0:00:32]} Rf1+ {[%emt 0:00:07]} 0-1

[Event "11th Arad Open 2018"]
[Site "Arad"]
[Date "2018.08.07"]
[Round "4"]
[White "Olariu, Luca-Stefan"]
[Black "Velickovic, Sasa"]
[Result "1/2-1/2"]
[WhiteElo "2019"]
[BlackElo "2290"]
[Annotator "NA"]
[PlyCount "163"]
[EventDate "2018.08.05"]
[EventType "swiss"]
[EventCountry "ROU"]
[SourceTitle "playchess.com"]
[Source "ChessBase"]
[SourceQuality "1"]
[TimeControl "40/5400+30:1800+30"]

1. d4 {[%emt 0:00:00]} Nf6 {[%emt 0:00:00]} 2. c4 {[%emt 0:00:00]} g6 {[%emt 0:00:00]} 3. Nc3 {[%emt 0:00:00]} Bg7 {[%emt 0:00:00]} 4. e4 {[%emt 0:00:00]} d6 {[%emt 0:00:00]} 5. Nf3 {[%emt 0:00:05]} O-O {[%emt 0:00:04]} 6. Be2 {[%emt 0:00:08]} Bg4 {[%emt 0:00:42]} 7. Be3 {[%emt 0:01:12]} Nfd7 {[%emt 0:07:58]} 8. Ng1 {[%emt 0:05:29]} Bxe2 {[%emt 0:00:06]} 9. Ngxe2 {[%emt 0:00:05]} e5 {[%emt 0:03:54]} 10. O-O {[%emt 0:01:02]} Nc6 {[%emt 0:04:33]} 11. d5 {[%emt 0:04:41]} Ne7 {[%emt 0:00:26]} 12. f3 {[%emt 0:06:28]} f5 {[%emt 0:00:08]} 13. g4 {[%emt 0:04:09]} Nf6 {[%emt 0:04:38]} 14. h3 {[%emt 0:02:29]} Qd7 {[%emt 0:17:52]} 15. Kg2 {[%emt 0:22:19]} Rf7 {[%emt 0:00:32]} 16. Bf2 {[%emt 0:08:00]} Raf8 {[%emt 0:01:00]} 17. Qd3 {[%emt 0:02:07]} Bh6 {[%emt 0:15:38]} 18. c5 {[%emt 0:03:41]} a6 {[%emt 0:00:25]} 19. cxd6 {[%emt 0:03:13]} cxd6 {[%emt 0:00:08]} 20. Bh4 {[%emt 0:00:57]} Ne8 {[%emt 0:02:24]} 21. b4 {[%emt 0:02:39]} Nc7 {[%emt 0:08:52]} 22. a4 {[%emt 0:01:39]} Nc8 {[%emt 0:01:02]} 23. b5 {[%emt 0:01:36]} a5 {[%emt 0:00:24]} 24. Bf2 {[%emt 0:01:33]} Bg5 {[%emt 0:03:48]} 25. Be3 {[%emt 0:04:03]} Qd8 {[%emt 0:07:41]} 26. Qd2 {[%emt 0:04:00]} Bxe3 {[%emt 0:00:25]} 27. Qxe3 {[%emt 0:00:01]} Ne8 {[%emt 0:00:12]} 28. Rac1 {[%emt 0:02:50]} Ng7 {[%emt 0:00:57]} 29. Nb1 {[%emt 0:02:20]} h5 {[%emt 0:00:57]} 30. Nd2 {[%emt 0:01:06]} Qh4 {[%emt 0:03:06]} 31. exf5 {[%emt 0:08:16]} gxf5 {[%emt 0:00:14]} 32. Rc4 {[%emt 0:00:30]} Ne7 {[%emt 0:06:48]} 33. Qh6 {[%emt 0:05:47]} Rf6 {[%emt 0:03:08]} 34. Qe3 {[%emt 0:01:43]} Rg6 {[%emt 0:05:20]} 35. Nc3 {[%emt 0:00:25]} hxg4 {[%emt 0:01:04]} 36. fxg4 {[%emt 0:00:53]} Nh5 {[%emt 0:00:45]} 37. Qf3 {[%emt 0:01:04]} Rff6 {[%emt 0:01:23]} 38. Kh2 {[%emt 0:01:15]} e4 {[%emt 0:00:55]} 39. gxh5 {[%emt 0:00:43]} Rh6 {[%emt 0:01:25]} 40. Qf4 {[%emt 0:00:00]} Qxh5 {[%emt 0:00:00]} 41. Rg1+ {[%emt 0:17:23]} Kf7 {[%emt 0:18:50]} 42. Rg3 {[%emt 0:01:11]} Ng6 {[%emt 0:06:05]} 43. Qg5 {[%emt 0:06:27]} Qxg5 {[%emt 0:00:06]} 44. Rxg5 {[%emt 0:00:01]} Ne5 {[%emt 0:00:05]} 45. Rc7+ {[%emt 0:01:06]} Kf8 {[%emt 0:00:07]} 46. Rc8+ {[%emt 0:00:32]} Kf7 {[%emt 0:00:04]} 47. Rcg8 {[%emt 0:02:14]} Rh7 {[%emt 0:00:15]} 48. Rb8 {[%emt 0:00:13]} Nd7 {[%emt 0:01:26]} 49. Rxb7 {[%emt 0:00:40]} Ke7 {[%emt 0:00:08]} 50. Ne2 {[%emt 0:01:21]} Rfh6 {[%emt 0:00:56]} 51. Nf4 {[%emt 0:00:12]} Kf6 {[%emt 0:00:38]} 52. Rh5 {[%emt 0:02:28]} Rxh5 53. Nxh5+ {[%emt 0:00:01]} Ke5 {[%emt 0:02:21]} 54. Ng3 {[%emt 0:00:42]} e3 {[%emt 0:05:47]} 55. Nc4+ {[%emt 0:02:37]} Kd4 {[%emt 0:00:04]} 56. Nxf5+ {[%emt 0:01:36]} Kxc4 {[%emt 0:00:16]} 57. Nxe3+ {[%emt 0:00:10]} Kd4 {[%emt 0:00:28]} 58. Ng4 {[%emt 0:00:38]} Kc5 {[%emt 0:01:30]} 59. Rc7+ {[%emt 0:00:14]} Kb6 {[%emt 0:00:29]} 60. Rc6+ {[%emt 0:00:07]} Kb7 {[%emt 0:00:02]} 61. Rxd6 {[%emt 0:00:16]} Nb6 {[%emt 0:00:05]} 62. Ne5 {[%emt 0:00:23]} Rh4 {[%emt 0:00:43]} 63. Nd3 {[%emt 0:00:45]} Nxa4 {[%emt 0:00:29]} 64. Rc6 {[%emt 0:01:34]} Rd4 {[%emt 0:00:22]} 65. Nc5+ {[%emt 0:00:36]} Nxc5 {[%emt 0:00:06]} 66. Rxc5 {[%emt 0:00:01]} Kb6 {[%emt 0:00:03]} 67. Rc8 {[%emt 0:00:42]} Rxd5 {[%emt 0:00:14]} 68. Rb8+ {[%emt 0:00:17]} Ka7 {[%emt 0:00:07]} 69. Rc8 {[%emt 0:00:30]} Rxb5 {[%emt 0:00:04]} 70. h4 {[%emt 0:00:31]} a4 {[%emt 0:00:05]} 71. Rc3 {[%emt 0:00:30]} Rb2+ {[%emt 0:00:21]} 72. Kg1 {[%emt 0:00:16]} Rb3 {[%emt 0:00:47]} 73. Rc4 {[%emt 0:00:35]} a3 {[%emt 0:00:04]} 74. Ra4+ {[%emt 0:00:33]} Kb6 {[%emt 0:00:28]} 75. h5 {[%emt 0:00:36]} Kb5 {[%emt 0:00:39]} 76. Ra8 {[%emt 0:00:22]} Kb4 {[%emt 0:00:46]} 77. Kg2 {[%emt 0:00:19]} Rc3 {[%emt 0:01:53]} 78. h6 {[%emt 0:00:41]} Rc7 {[%emt 0:00:03]} 79. Kg3 {[%emt 0:00:17]} Rh7 {[%emt 0:00:06]} 80. Ra6 {[%emt 0:00:05]} Kb3 {[%emt 0:00:11]} 81. Kg4 {[%emt 0:00:14]} a2 {[%emt 0:00:24]} 82. Kg5 {[%emt 0:00:12]} 1/2-1/2

[Event "11th Arad Open 2018"]
[Site "Arad"]
[Date "2018.08.07"]
[Round "4"]
[White "Georgescu, Cristian"]
[Black "Toma, Radu-Cristian"]
[Result "0-1"]
[WhiteElo "2015"]
[BlackElo "2354"]
[Annotator "NA"]
[PlyCount "31"]
[EventDate "2018.08.05"]
[EventType "swiss"]
[EventCountry "ROU"]
[SourceTitle "playchess.com"]
[Source "ChessBase"]
[SourceQuality "1"]
[TimeControl "40/5400+30:1800+30"]

1. e4 c5 {[%emt 0:10:03]} 2. Nf3 {[%emt 0:00:00]} e6 {[%emt 0:00:48]} 3. c3 {[%emt 0:00:37]} Nf6 {[%emt 0:00:46]} 4. e5 {[%emt 0:02:33]} Nd5 {[%emt 0:02:14]} 5. d4 {[%emt 0:00:56]} cxd4 {[%emt 0:00:07]} 6. Bc4 {[%emt 0:00:19]} Nc6 {[%emt 0:04:57]} 7. Bxd5 {[%emt 0:01:07]} exd5 {[%emt 0:00:10]} 8. O-O {[%emt 0:00:09]} d6 {[%emt 0:05:48]} 9. exd6 {[%emt 0:04:17]} Bxd6 {[%emt 0:16:19]} 10. Re1+ {[%emt 0:00:24]} Be6 {[%emt 0:02:00]} 11. Ng5 {[%emt 0:04:50]} Qf6 {[%emt 0:02:30]} 12. Nxe6 {[%emt 0:08:27]} fxe6 {[%emt 0:00:17]} 13. cxd4 {[%emt 0:07:12]} Nxd4 {[%emt 0:06:15]} 14. Qh5+ {[%emt 0:08:10]} g6 {[%emt 0:06:21]} 15. Qxd5 {[%emt 0:04:45]} O-O {[%emt 0:00:45]} 16. Qh5 0-1